Mythological Figures by Browser History Quiz Stats

 Plays Quiz Updated Mar 5, 2018

Challenge
Share
Tweet
Score 0/14 Timer 08:00
5 Plays Today
% Correct
Achilles
97%
Medusa
91%
Ares
84.1%
Hades
83%
Heracles/Hercules
80.3%
Icarus
79.3%
Loki
74.9%
% Correct
Pandora
72%
Odin
71.8%
Oedipus
66.3%
Artemis
65.8%
Odysseus
61.5%
Anubis
52.3%
Theseus
45.5%

You're not logged in!

Compare scores with friends on all Sporcle quizzes.
OR
Log In

You Might Also Like...

Show Comments

Extras

Top Quizzes Today


Score Distribution

Your Account Isn't Verified!

In order to create a playlist on Sporcle, you need to verify the email address you used during registration. Go to your Sporcle Settings to finish the process.

Report this User

Report this user for behavior that violates our Community Guidelines.

Details: